000 04118nam a2200349 a 4500
001
003 DO-SdBNP
005 20220302103448.0
008 090522s2008 dr ah 000 0 spa d
020 _a9789945427226
040 _aDO-SdBNP
_bspa
_cBPMSU
082 _a972.9304
_bC965p 2008
_222
100 1 _aCuevas Pérez, César
245 1 0 _aPresencia francesa en Santo Domingo 1802-1809 /
_cCésar Cuevas Pérez, Guillermo Díaz Bidó ; prólogo Juan Francisco Santamaría de la Cruz.
260 _aSanto Domingo :
_bSecretaría de Estado de Cultura :
_bEditora Nacional,
_c2008.
300 _a547 p. :
_bil. ;
_c24 cm.
490 0 _aPremios nacionales
500 _aIncluye referencias biográfícas de los autores en las solapas.
504 _aBibliografía: p. 543-547.
505 0 _tPrólogo /
_rJuan Francisco Santamaría de la Cruz --
_tDe los autores --
_tIntroducción --
_tA manera de Preámbulo --
_tPresencia francesa en Santo Domingo (1802- 1809) --
_gCapítulo 1. --
_gPrimera parte --
_tAntecedentes históricos. Francia, Efectos de la Revolución de 1789. Sus raíces originarias --
_tSegunda parte --
_tAntecedentes históricos de la isla de Babeque, Bohío o Haití a la isla de Saint-Domingue --
_tCapítulo 2. --
_gEn la parte Occidental de la isla, Makendal-Boukman-Toussaint-Louverture, Ejemplos de combate y dignidad frente a la ignominia esclavista --
_gCapítulo 3. --
_tTratados de Paz en Europa hunden la isla Española --
_tLa parte Este entre 1795 y 1802, papel del Gobernador Español Don Joaquín García Moreno, papel de los representantes franceses, entrada de Toussaint-Louverture a la parte española --
_gCapítulo 4. --
_tPrimera parte --
_tPreparación de la expedición armada de Saint-Domingue --
_gSegunda parte--
_tLos hombres del ejército expedicionario --
_tGeneral de División Víctor Emmanuel Leclerc --
_tVice-almirante Louis Thomas Villaret de Joyeuse --
_tTeniente General Duque Carlos de Gravina --
_tVice-almirante Louis René Levassor Conde de Latouche Treville Vice-almirante Honoré Joseph Ganteaume --
505 0 _tGeneral de división Jean Marie Donatien de Vimeur Visconde de Rochambeau --
_tGeneral de División Jean Boudet --
_tGeneral de División Jean Hardy --
_tGeneral de División Desfourneau --
_tGeneral de Brigada Francois Marie Perichú de Kerversau --
_tGeneral de Brigada Achille-Pierre-Henry Dampierre --
_gTercera parte --
_tNúmero de Fuerzas Armadas participantes, embarcaciones que integraban la flota naval --
_gCapítulo 5 --
_gprimera parte --
_tTrabajo realizado por el General de Brigada Francois-Marie Perichú de Kerversau en la parte Este de la isla entre 1802 y 1803 --
_gSegunda parte --
_tComandante Miquel Feriet, sus memorias de defensas y plan económico --
_gCapítulo 6 --
_gPrimera parte --
_tLas Fuerzas expedicionarias en campaña --
_gSegunda parte --
_tLos oficiales negros y mulatos se acogen al acuerdo verbal de los generales Toussaint-Louverture y Leclerc --
_gTercera parte --
_tToussaint-Louverture y el primero de su color --
_gCapítulo 7 --
_tGuerra de Independencia en Saint-Domingue --
_gCapítulo 8 --
_tGeneral Jean-Louis Ferrand, capitán general. Su gobierno --
_gCapítulo 9 --
_tCerco de Santo Domingo. Gobierno del General Joseph-David Barquier --
_gCapítulo 10 --
_gPrimera parte --
_tLa iglesia Católica durante el período de la presencia francesa en Santo Domingo --
_tConsideraciones --
_tAnexos --
_gPrimera parte --
_tPiezas justificativas en Español y Francés --
_gSegunda parte --
_tPiezas justificativas en Francés y Español --
_gTercera parte --
_tPiezas justificativas en Español --
_tCuarta parte --
_tPiezas de apoyos de fuentes secundarias --
_tA manera de colofón --
_tBibliografía.
586 _aPremio Nacional de Historia José Gabriel García 2007.
590 _6Inventariado, 2022/VM;
650 4 _aFranceses en República Dominicana
651 4 _aRepública Dominicana
_xHistoria
_y1844
651 4 _aHistoria
_xRefugiados
_yRevolución, 1789-1799
700 1 _aDíaz Bidó, Guillermo.
700 1 2 _aSantamaría, Juan Francisco,
_epról.
830 0 _aPremios nacionales
910 _aVMateo V.
942 _2ddc
_cBK
999 _c12845
_d12845